Historia de la literatura hispanoamericana : el siglo XIX : 1780-1914 /

Historia de la literatura hispanoamericana, considerada uno de los trabajos más significativos del docente, crítico e historiador literario cubano Raimundo Lazo y Bayrolo (La Habana, 1904-1976), quien la planificó en tres volúmenes, pero sólo pudo publicar los dos primeros, referentes al período col...

Täydet tiedot

Tallennettuna:
Bibliografiset tiedot
Päätekijä: Lazo, Raimundo (autor)
Aineistotyyppi: Kirja
Kieli:espanja
Julkaistu: México : Porrúa, 1967, c1967
Sarja:(Sepan Cuántos ; 65)
Aiheet:
Tagit: Lisää tagi
Ei tageja, Lisää ensimmäinen tagi!

MARC

LEADER 00000nam^a2200000^a^4500
001 000629572
005 20260323000000.0
009 20260407175351.9
037 |a Acervo Xavier Clavigero 
041 |a ESP 
082 |a 082.  |b POR V. 65 
100 |a Lazo, Raimundo  |e (autor) 
240 1 1 |a [Historia de la literatura hispanoamericana, de Raimundo Lazo] 
245 1 0 |a Historia de la literatura hispanoamericana :  |b el siglo XIX : 1780-1914 /  |c R. Lazo. 
264 4 |a México :  |b Porrúa,  |c 1967, c1967 
300 |a 333 p. :  |b tapa blanda 
336 |a texto  |b txt  |2 rdacontenido 
337 |a sin mediación  |b n  |2 rdamedio 
338 |a volumen  |b nc  |2 rdasoporte 
440 1 |a (Sepan Cuántos ;  |v 65) 
520 |a Historia de la literatura hispanoamericana, considerada uno de los trabajos más significativos del docente, crítico e historiador literario cubano Raimundo Lazo y Bayrolo (La Habana, 1904-1976), quien la planificó en tres volúmenes, pero sólo pudo publicar los dos primeros, referentes al período colonial (1492-1780) y el siglo XIX (1780-1914). El autor habanero conjunta el carácter ensayístico con la finalidad didáctica y acomete lo medular de su campo de estudio: el análisis de las plumas más representativas de cada país y época, sin olvidar las voces secundarias que completan el panorama literario del período histórico estudiado. El habanero argumenta, en el segundo volumen, la unidad de la literatura hispanoamericana y recorre los movimientos literarios de la región en el siglo XIX. Lazo y Bayrolo dedica entonces capítulos específicos a las literaturas mexicana, peruana, chilena, argentina, boliviana, uruguaya, ecuatoriana, colombiana, venezolana, guatemalteca, cubana, dominicana y puertorriqueña. Dos secciones son referidas, respectivamente, a las formaciones de la literatura paraguaya y panameña, en tanto que en un capítulo agrupa los movimientos de las literaturas salvadoreña, hondureña, nicaragüense y costarricense. 
561 |a Ex libris de Bibl. Magnopontanae Domus Scti. Ioseph. Prov. Mex. Sept. S.I. 
561 |a Ex libris de Bibl. Iunioratus Dom. Prob. S. Ioseph 
561 |a Ex libris de Instituto de Literatura Puente Grande Jal. 
649 |a XX 
650 |a Ensayos Cubanos 
650 |a Literatura Cubana -  |y Siglo XX 
650 |a Literatura Latinoamericana -  |x Historia y Crítica -  |x Tema Principal 
650 |a Literatura Latinoamericana -  |y Siglo XIX 
650 |a Literatura Americana -  |x Historia y Crítica 
650 |a Literatura Americana -  |y Siglo XIX 
910 |a Fondo General 
920 |a Impresos - Libros 
930 |a Colección General 
940 |a Literatura 
905 |a 101 
901 |a 009857  |b IT1  |c LIT  |i 009857  |u 20260323 
902 |a https://opac.biblio.iteso.mx/vufind/Record/000629572